000 02717nam0a2200421 4500
001 RU\NLR\BIBL_A\012681042
005 20220310145544.0
010 _a978-5-6043178-1-5
_9100
021 _aRU
_bКН-П-21-061711
_9КН-П-21-4836
035 _a(NLR Aleph) 012681042
035 _a(RuMoRGB)010796807
090 _a12815183
_c12815183
100 _a20220111d2020 k y0rusy50 ca
101 0 _arus
_deng
102 _aRU
105 _aac||z|||100zy
181 0 _ai
_baxxe
182 1 _an
200 1 _aБоевые искусства и спортивные единоборства: наука, практика, воспитание
_eматериалы V Всероссийской научно-практической конференции с международным участием (Москва, 15 октября 2020 г.)
_fМинистерство спорта Российской Федерации, Российский государственный университет физической культуры, спорта, молодежи и туризма (ГЦОЛИФК) [и др.]
_gпод общ. ред. Ю. Л. Орлова, Л. Г. Рыжковой
203 _aТекст
_bвизуальный
_cнепосредственный
210 _aМосква
_cЛика
_d2020
215 _a300 с.
_cил., табл., цв. ил., портр.
_d30
300 _aРез. англ.
313 _aПред. конф. 2019 г.
320 _aБиблиогр. в конце докл
606 1 _aБоевые искусства
_jСъезды, совещания и т.п
_2nlr_sh1
_2nlr_sh2
_3RU\NLR\AUTH\661338874
606 1 _aЕдиноборства (спорт.)
_jСъезды, совещания и т.п
_2nlr_sh2
_3RU\NLR\AUTH\66156300
675 _a796.8(082)
_v4
686 1 _aЧ517.15/16я431
686 1 _aЦ4,5(0)361.12я431(2)
702 1 _aОрлов
_bЮ. Л.
_cканд. пед. наук
_f1953-
_gЮрий Леонидович
_3RU\NLR\AUTH\770216570
_4340
711 1 2 _a"Боевые искусства и спортивные единоборства: наука, практика, воспитание", всероссийская научно-практическая конференция с международным участием
_d5
_f2020
_eМосква
_3RU\NLR\AUTH\880558580
712 0 2 _aРоссийский государственный университет физической культуры, спорта, молодежи и туризма
_3RU\NLR\AUTH\8810220534
_4570
942 _cBOOK
980 _aNBR
980 _aNB